00553nam a22001577a 450000500170000000800410001704000720005804100080013010000290013824500640016726000560023130000180028765000170030565000250032283000480034720240527084802.0130821s1944 enk gr eng  aCo-BoUCMbspacDavid Moreno (modificó)dDavid Moreno (modificó)00aeng aCochrane, Charles Norris10aChristianity and classical culturecCharles Norris Cochrane aLondres (Inglaterra)bOxford University Pressc1944 a523 Páginas04aCristianismo04aLiteratura clásica aBibliografía Básica Cátedra Rosarista